Protestors vindicated, or, A just and necessary defence of protesting against the withdrawal from the national Church of Scotland: on account of her many gross and continued defections ...
| Corporate Author: | |
|---|---|
| Format: | Electronic Book |
| Language: | English |
| Check availability: | HBZ Gateway |
| Interlibrary Loan: | Interlibrary Loan for the Fachinformationsdienste (Specialized Information Services in Germany) |
| Published: |
[Erscheinungsort nicht ermittelbar]
[s.n.]
1716
|
| In: | Year: 1716 |
| Further subjects: | B
Church of Scotland
Controversial literature
B Dissenters, Religious (Scotland) B Protestantism |
| Online Access: |
Volltext (kostenfrei) |
| Sammlungen: |
MARC
| LEADER | 00000cam a22000002c 4500 | ||
|---|---|---|---|
| 001 | 1894090551 | ||
| 003 | DE-627 | ||
| 005 | 20241217054931.0 | ||
| 007 | cr uuu---uuuuu | ||
| 008 | 240704s1716 xx |||||o 00| ||eng c | ||
| 035 | |a (DE-627)1894090551 | ||
| 035 | |a (DE-599)KXP1894090551 | ||
| 035 | |a (PRTC)protestorsvindic00slsn | ||
| 040 | |a DE-627 |b ger |c DE-627 |e rda | ||
| 041 | |a eng | ||
| 084 | |a 1 |2 ssgn | ||
| 245 | 0 | 0 | |a Protestors vindicated, or, A just and necessary defence of protesting against the withdrawal from the national Church of Scotland |b on account of her many gross and continued defections ... |
| 264 | 1 | |a [Erscheinungsort nicht ermittelbar] |b [s.n.] |c 1716 | |
| 300 | |a 1 Online-Ressource ([264] p.) | ||
| 336 | |a Text |b txt |2 rdacontent | ||
| 337 | |a Computermedien |b c |2 rdamedia | ||
| 338 | |a Online-Ressource |b cr |2 rdacarrier | ||
| 601 | |a Protestant | ||
| 601 | |a Church of Scotland | ||
| 610 | 1 | 0 | |a Church of Scotland |x Controversial literature |
| 650 | 0 | |a Dissenters, Religious |z Scotland | |
| 655 | 0 | |a Protestantism | |
| 710 | 2 | |a Princeton Theological Seminary |e MitwirkendeR |4 ctb | |
| 856 | 4 | 0 | |u https://commons.ptsem.edu/id/protestorsvindic00slsn |m X:PRTC |x Digitalisierung |z kostenfrei |7 0 |
| 935 | |a PRTC |a mteo | ||
| 951 | |a BO | ||
| ELC | |a 1 | ||
| LOK | |0 000 xxxxxcx a22 zn 4500 | ||
| LOK | |0 001 454696952X | ||
| LOK | |0 003 DE-627 | ||
| LOK | |0 004 1894090551 | ||
| LOK | |0 005 20240704180307 | ||
| LOK | |0 008 240704||||||||||||||||ger||||||| | ||
| LOK | |0 035 |a (DE-Tue135)protestorsvindic00slsn | ||
| LOK | |0 040 |a DE-Tue135 |c DE-627 |d DE-Tue135 | ||
| LOK | |0 092 |o n | ||
| LOK | |0 689 |a f |a Book | ||
| LOK | |0 852 |a DE-Tue135 | ||
| LOK | |0 852 1 |9 00 | ||
| LOK | |0 866 |x SPQUE#Theological Commons Princeton | ||
| LOK | |0 935 |a PRTC | ||
| LOK | |0 939 |a 04-07-24 |b l01 | ||
| OAS | |a 1 | ||
| ORI | |a SA-MARC-ixtheoa001.raw | ||
| SYB | 0 | 0 | |a Presbyterian Church of Scotland,Kirk of Scotland,Scottish National Presbyterian Kirk,Schottische Kirche,Kirche von Schottland |